REHAcare international 2002 v Düsseldorfu předvedl mnoho nových nápadů a novinek

Bibliographic Details
Format: Article
Language:Slovak
Czech
ISSN:0375-0922
Subjects:

MARC

LEADER 00000nab a2200000 a 4500
001 vtls000849257
003 SK-MaSNL
005 20260304115956.0
008 250429c2003 xo 0 slo
015 |a SNBRB2003/10-29330 
035 |a CLN000200912 
035 |a urn:nbn:sk:snk-ab7fyp 
035 |a (urnnbn)urn:nbn:sk:snk:ar-005e4g 
035 |a (uuid)f07a6c7d-efe2-4c47-bc90-5706cf226d3c 
040 |a SNKBUCL  |b slo  |c SNKBUCL  |e AACR2 
041 0 |a cze 
044 |a xo  |c SK 
080 |a 615.47:061.4(430)  |2 1997 
245 0 0 |a REHAcare international 2002 v Düsseldorfu předvedl mnoho nových nápadů a novinek 
611 1 7 |a REHAcare  |n 13  |d 2002  |c Düsseldorf Nemecko  |2 snkbucl  |9 1423197 
648 7 |a 2002  |2 snkbucl  |9 299607 
650 0 7 |a rehabilitačné pomôcky  |2 snkbucl  |9 225688 
650 0 7 |a veľtrhy  |2 SNK  |9 14535 
655 7 |a články z novín a časopisov  |2 snkbucl  |9 267496 
773 0 |t Rehabilitácia  |g Roč. 40[36], č. 1 (2003), s. 26  |x 0375-0922 
850 |a Slovenská národná knižnica 
852 |a Slovenská národná knižnica 
954 |a odborná, vedecká literatúra cudzojazyčná (svetová)  |2 lita 
958 |a article7 
958 |a MI 
958 |a DE 
958 |a OND 
958 |a EUIPO 
992 |a RBX 
999 |c 2878221  |d 2880151